Normal view
MARC view
- James A. Schwarz, Cristian I. Contescu
Entry Personal Name
001 - CONTROL NUMBER
- control field: 127092
003 - CONTROL NUMBER IDENTIFIER
- control field: NUST
005 - DATE AND TIME OF LATEST TRANSACTION
- control field: 20241212110705.0
008 - FIXED-LENGTH DATA ELEMENTS
- fixed length control field: 241212|| aca||aabn | a|a d
040 ## - CATALOGING SOURCE
- Original cataloging agency: NUST
- Transcribing agency: NUST
100 ## - HEADING--PERSONAL NAME
- Personal name: James A. Schwarz, Cristian I. Contescu
670 ## - SOURCE DATA FOUND
- Source citation: Work cat.: (NUST)561830: James A. Schwarz, Cristian I. Contescu, Surfaces of Nanoparticles and Porous Materials /, 1999
